| 000 | 00789nas a2200253 4500 | ||
|---|---|---|---|
| 001 | BR7903457 | ||
| 003 | BR-BrBNA | ||
| 005 | 20231205083754.0 | ||
| 007 | ta | ||
| 008 | 230509b bl.|||p| |||| 00| 00por d | ||
| 040 |
_aBR-BrBNA _bpor _cBiblioteca Nacional de Agricultura |
||
| 041 | _a(Pt) | ||
| 072 | _aL60; H10 | ||
| 100 | 1 | _aFerreira, P.S.F. | |
| 100 | 1 | _aRossi, D. | |
| 245 | 1 | _aCatalogo das especies de Miridae (Hemiptera)de Vicosa, Estado de Minas Gerais, Brasil [planta hospedeira] | |
| 650 | _aTAXONOMIA ANIMAL | ||
| 650 | _aPRAGA DE PLANTA | ||
| 650 | _aPLANTA HOSPEDEIRA | ||
| 650 | _aMINAS GERAIS | ||
| 773 | 0 |
_tExperientiae (Brazil) _xISSN 0014-4762 _g(Jul 1979), v. 25(7) p. 131-157 _wBR7903457 |
|
| 909 |
_a202311 _bLúcia _c55 _dLúcia Elande |
||
| 942 |
_2AGRIS _n0 _cANA |
||
| 999 |
_c101093 _d101093 |
||